[Event "26th 4NCL Congress"]
[Site "Woodland Grange, Leamington Spa"]
[Date "2021.09.12"]
[Round "4"]
[Board "15"]
[White "Thomson, Neil"]
[Black "Bin-Suhayl, Ieysaa"]
[Result "1-0"]
[WhiteElo "2051"]
[BlackElo "2269"]
[PlyCount "0"]
[EventDate "2021.09.10"]
[EventRounds "5"]
[EventCountry "ENG"]

1. e4 {[%clk 01:30:56]} {[%emt 00:00:02]} c5 {[%clk 01:30:55]} {[%emt
00:00:06]} 2. Nf3 {[%clk 01:31:21]} {[%emt 00:00:05]} Nc6 {[%clk 01:31:22]}
{[%emt 00:00:04]} 3. d4 {[%clk 01:31:42]} {[%emt 00:00:08]} cxd4 {[%clk
01:31:47]} {[%emt 00:00:05]} 4. Nxd4 {[%clk 01:32:05]} {[%emt 00:00:06]} Nf6
{[%clk 01:31:56]} {[%emt 00:00:23]} 5. Nc3 {[%clk 01:31:43]} {[%emt 00:00:51]}
e5 {[%clk 01:32:21]} {[%emt 00:00:05]} 6. Ndb5 {[%clk 01:32:03]} {[%emt
00:00:09]} d6 {[%clk 01:32:41]} {[%emt 00:00:10]} 7. Bg5 {[%clk 01:31:16]}
{[%emt 00:01:17]} a6 {[%clk 01:33:05]} {[%emt 00:00:06]} 8. Na3 {[%clk
01:31:33]} {[%emt 00:00:13]} b5 {[%clk 01:33:33]} {[%emt 00:00:02]} 9. Bxf6
{[%clk 01:31:09]} {[%emt 00:00:54]} gxf6 {[%clk 01:33:59]} {[%emt 00:00:05]} 10.
Nd5 {[%clk 01:31:22]} {[%emt 00:00:16]} f5 {[%clk 01:34:02]} {[%emt 00:00:27]}
11. c3 {[%clk 01:25:29]} {[%emt 00:06:23]} Bg7 {[%clk 01:32:33]} {[%emt
00:01:59]} 12. exf5 {[%clk 01:17:33]} {[%emt 00:08:25]} Bxf5 {[%clk 01:28:42]}
{[%emt 00:04:23]} 13. Nc2 {[%clk 01:16:52]} {[%emt 00:01:10]} O-O {[%clk
01:29:03]} {[%emt 00:00:10]} 14. Nce3 {[%clk 01:17:04]} {[%emt 00:00:17]} Be6
{[%clk 01:29:30]} {[%emt 00:00:03]} 15. Be2 {[%clk 01:04:35]} {[%emt 00:12:59]}
f5 {[%clk 01:28:58]} {[%emt 00:01:03]} 16. f4 {[%clk 00:59:53]} {[%emt
00:05:11]} e4 {[%clk 01:27:21]} {[%emt 00:02:08]} 17. O-O {[%clk 00:59:20]}
{[%emt 00:01:02]} Kh8 {[%clk 01:07:35]} {[%emt 00:20:17]} 18. Qd2 {[%clk
00:52:59]} {[%emt 00:06:50]} Rb8 {[%clk 01:03:26]} {[%emt 00:04:40]} 19. a4
{[%clk 00:45:52]} {[%emt 00:07:36]} Na5 {[%clk 01:02:20]} {[%emt 00:01:37]} 20.
Qc2 {[%clk 00:39:37]} {[%emt 00:06:44]} Nc4 {[%clk 00:55:01]} {[%emt 00:07:49]}
21. Bxc4 {[%clk 00:35:10]} {[%emt 00:04:57]} bxc4 {[%clk 00:55:08]} {[%emt
00:00:24]} 22. Rfd1 {[%clk 00:35:05]} {[%emt 00:00:35]} Qa5 {[%clk 00:53:44]}
{[%emt 00:01:54]} 23. Kh1 {[%clk 00:31:07]} {[%emt 00:04:28]} Qc5 {[%clk
00:51:45]} {[%emt 00:02:29]} 24. Qe2 {[%clk 00:23:41]} {[%emt 00:07:55]} Rb7
{[%clk 00:43:41]} {[%emt 00:08:36]} 25. Rd2 {[%clk 00:22:44]} {[%emt 00:01:26]}
Rfb8 {[%clk 00:42:02]} {[%emt 00:02:09]} 26. Rad1 {[%clk 00:21:10]} {[%emt
00:02:03]} Bd7 {[%clk 00:41:18]} {[%emt 00:01:15]} 27. Ra1 {[%clk 00:17:05]}
{[%emt 00:04:34]} Bc6 {[%clk 00:41:30]} {[%emt 00:00:19]} 28. Nb4 {[%clk
00:15:21]} {[%emt 00:02:13]} Rxb4 {[%clk 00:38:07]} {[%emt 00:03:53]} 29. cxb4
{[%clk 00:15:43]} {[%emt 00:00:08]} Rxb4 {[%clk 00:38:27]} {[%emt 00:00:11]} 30.
Rad1 {[%clk 00:14:31]} {[%emt 00:01:41]} Bxa4 {[%clk 00:20:43]} {[%emt
00:18:15]} 31. Rxd6 {[%clk 00:14:29]} {[%emt 00:00:30]} Bxd1 {[%clk 00:21:10]}
{[%emt 00:00:04]} 32. Rd8+ {[%clk 00:14:50]} {[%emt 00:00:09]} Bf8 {[%clk
00:21:36]} {[%emt 00:00:04]} 33. Qxd1 {[%clk 00:14:23]} {[%emt 00:00:57]} Rb3
{[%clk 00:13:11]} {[%emt 00:08:55]} 34. Nxc4 {[%clk 00:12:49]} {[%emt
00:02:04]} Qxc4 {[%clk 00:12:47]} {[%emt 00:00:54]} 35. Rxf8+ {[%clk 00:13:10]}
{[%emt 00:00:07]} Kg7 {[%clk 00:13:15]} {[%emt 00:00:04]} 36. Rxf5 {[%clk
00:13:17]} {[%emt 00:00:23]} Rb8 {[%clk 00:11:03]} {[%emt 00:02:42]} 37. Qd7+
{[%clk 00:08:02]} {[%emt 00:05:44]} Kh8 {[%clk 00:11:32]} {[%emt 00:00:02]} 38.
h3 {[%clk 00:07:15]} {[%emt 00:01:17]} Rg8 {[%clk 00:11:56]} {[%emt 00:00:05]}
39. Kh2 {[%clk 00:06:33]} {[%emt 00:01:12]} e3 {[%clk 00:08:34]} {[%emt
00:03:53]} 40. Qe7 {[%clk 00:02:58]} {[%emt 00:04:04]} Qd4 {[%clk 00:01:21]}
{[%emt 00:07:43]} 41. Rf7 {[%clk 00:00:39]} {[%emt 00:02:49]} Rxg2+ {[%clk
00:01:18]} {[%emt 00:00:34]} 42. Kxg2 {[%clk 00:01:04]} {[%emt 00:00:05]} Qd2+
{[%clk 00:01:32]} {[%emt 00:00:16]} 43. Kf3 {[%clk 00:01:09]} {[%emt 00:00:24]}
Qd1+ {[%clk 00:01:48]} {[%emt 00:00:15]} 44. Ke4 {[%clk 00:01:05]} {[%emt
00:00:33]} Qc2+ {[%clk 00:02:06]} {[%emt 00:00:12]} 45. Kxe3 {[%clk 00:00:55]}
{[%emt 00:00:39]} Qb3+ {[%clk 00:02:22]} {[%emt 00:00:14]} 46. Ke4 {[%clk
00:01:02]} {[%emt 00:00:23]} Qc4+ {[%clk 00:01:41]} {[%emt 00:01:11]} 47. Kf5
{[%clk 00:01:10]} {[%emt 00:00:21]} Qc2+ {[%clk 00:01:04]} {[%emt 00:01:06]} 48.
Ke6 {[%clk 00:00:52]} {[%emt 00:00:49]} Qe4+ {[%clk 00:00:44]} {[%emt
00:00:52]} 49. Kd7 {[%clk 00:01:01]} {[%emt 00:00:21]} Qb7+ {[%clk 00:01:04]}
{[%emt 00:00:10]} 50. Ke8 {[%clk 00:00:43]} {[%emt 00:00:48]} Qc8+ {[%clk
00:01:29]} {[%emt 00:00:06]} 51. Qd8 {[%clk 00:01:08]} {[%emt 00:00:04]} Qe6+
{[%clk 00:01:50]} {[%emt 00:00:09]} 52. Re7 {[%clk 00:01:27]} {[%emt 00:00:11]}
Qc6+ {[%clk 00:02:19]} {[%emt 00:00:02]} 53. Kf7+ {[%clk 00:01:47]} {[%emt
00:00:07]}  1-0

[Event "26th 4NCL Congress"]
[Site "Woodland Grange, Leamington Spa"]
[Date "2021.09.12"]
[Round "4"]
[Board "16"]
[White "Modi, Shyam Jagdish"]
[Black "Burrows, Nick"]
[Result "1-0"]
[WhiteElo "2249"]
[BlackElo "2066"]
[PlyCount "0"]
[EventDate "2021.09.10"]
[EventRounds "5"]
[EventCountry "ENG"]

1. d4 {[%clk 01:27:26]} {[%emt 00:03:29]} d5 {[%clk 01:30:47]} {[%emt
00:00:17]} 2. c4 {[%clk 01:27:55]} {[%emt 00:00:02]} c6 {[%clk 01:31:11]}
{[%emt 00:00:06]} 3. Nf3 {[%clk 01:28:21]} {[%emt 00:00:05]} Nf6 {[%clk
01:31:35]} {[%emt 00:00:05]} 4. Qb3 {[%clk 01:28:46]} {[%emt 00:00:05]} dxc4
{[%clk 01:30:57]} {[%emt 00:01:07]} 5. Qxc4 {[%clk 01:29:10]} {[%emt 00:00:07]}
Bg4 {[%clk 01:30:33]} {[%emt 00:00:54]} 6. Nbd2 {[%clk 01:28:17]} {[%emt
00:01:23]} Nbd7 {[%clk 01:29:22]} {[%emt 00:01:41]} 7. g3 {[%clk 01:28:10]}
{[%emt 00:00:36]} e6 {[%clk 01:29:38]} {[%emt 00:00:15]} 8. Bg2 {[%clk
01:28:17]} {[%emt 00:00:23]} Be7 {[%clk 01:29:44]} {[%emt 00:00:23]} 9. O-O
{[%clk 01:28:02]} {[%emt 00:00:45]} O-O {[%clk 01:30:04]} {[%emt 00:00:09]} 10.
Qb3 {[%clk 01:18:27]} {[%emt 00:10:06]} Nb6 {[%clk 01:27:46]} {[%emt 00:02:48]}
11. a4 {[%clk 01:14:25]} {[%emt 00:04:33]} Qd5 {[%clk 01:22:40]} {[%emt
00:05:35]} 12. a5 {[%clk 00:59:08]} {[%emt 00:15:47]} Qxb3 {[%clk 01:18:47]}
{[%emt 00:04:23]} 13. Nxb3 {[%clk 00:59:32]} {[%emt 00:00:07]} Nbd5 {[%clk
01:18:55]} {[%emt 00:00:21]} 14. Bg5 {[%clk 00:53:16]} {[%emt 00:06:45]} a6
{[%clk 01:08:23]} {[%emt 00:11:04]} 15. Rfc1 {[%clk 00:49:30]} {[%emt
00:04:15]} h6 {[%clk 01:04:10]} {[%emt 00:04:43]} 16. Bxf6 {[%clk 00:48:35]}
{[%emt 00:01:26]} Nxf6 {[%clk 01:03:27]} {[%emt 00:01:13]} 17. e3 {[%clk
00:47:30]} {[%emt 00:01:35]} Bxf3 {[%clk 01:01:10]} {[%emt 00:02:46]} 18. Bxf3
{[%clk 00:47:58]} {[%emt 00:00:02]} Rfd8 {[%clk 00:58:39]} {[%emt 00:03:02]} 19.
Ra4 {[%clk 00:30:52]} {[%emt 00:17:36]} Rd7 {[%clk 00:52:24]} {[%emt 00:06:44]}
20. Kf1 {[%clk 00:30:18]} {[%emt 00:01:05]} Kf8 {[%clk 00:50:34]} {[%emt
00:02:20]} 21. Ke2 {[%clk 00:30:10]} {[%emt 00:00:38]} h5 {[%clk 00:48:33]}
{[%emt 00:02:30]} 22. h3 {[%clk 00:29:47]} {[%emt 00:00:54]} g6 {[%clk
00:48:11]} {[%emt 00:00:51]} 23. Nd2 {[%clk 00:26:57]} {[%emt 00:03:20]} Bd8
{[%clk 00:46:27]} {[%emt 00:02:14]} 24. Nc4 {[%clk 00:26:50]} {[%emt 00:00:38]}
Bc7 {[%clk 00:45:49]} {[%emt 00:01:08]} 25. Rb4 {[%clk 00:25:25]} {[%emt
00:01:55]} Rb8 {[%clk 00:41:05]} {[%emt 00:05:14]} 26. Rb3 {[%clk 00:21:15]}
{[%emt 00:04:40]} Nd5 {[%clk 00:33:30]} {[%emt 00:08:05]} 27. g4 {[%clk
00:20:49]} {[%emt 00:00:56]} hxg4 {[%clk 00:33:47]} {[%emt 00:00:13]} 28. hxg4
{[%clk 00:20:34]} {[%emt 00:00:45]} Rdd8 {[%clk 00:28:35]} {[%emt 00:05:42]} 29.
Bg2 {[%clk 00:17:39]} {[%emt 00:03:25]} Kg7 {[%clk 00:24:56]} {[%emt 00:04:09]}
30. Rh1 {[%clk 00:16:29]} {[%emt 00:01:40]} Rh8 {[%clk 00:24:55]} {[%emt
00:00:30]} 31. Rxh8 {[%clk 00:16:50]} {[%emt 00:00:09]} Kxh8 {[%clk 00:25:23]}
{[%emt 00:00:01]} 32. f4 {[%clk 00:16:05]} {[%emt 00:01:16]} Kg7 {[%clk
00:23:51]} {[%emt 00:02:02]} 33. Bf3 {[%clk 00:15:44]} {[%emt 00:00:50]} f5
{[%clk 00:23:01]} {[%emt 00:01:20]} 34. Ne5 {[%clk 00:10:15]} {[%emt 00:06:00]}
Bxe5 {[%clk 00:19:46]} {[%emt 00:03:46]} 35. dxe5 {[%clk 00:10:23]} {[%emt
00:00:22]} Kf7 {[%clk 00:19:15]} {[%emt 00:01:00]} 36. Kd3 {[%clk 00:08:34]}
{[%emt 00:02:19]} Ke7 {[%clk 00:18:48]} {[%emt 00:00:57]} 37. Kd4 {[%clk
00:06:46]} {[%emt 00:02:19]} Kd7 {[%clk 00:16:42]} {[%emt 00:02:37]} 38. gxf5
{[%clk 00:05:42]} {[%emt 00:01:34]} gxf5 {[%clk 00:16:47]} {[%emt 00:00:25]} 39.
Kc5 {[%clk 00:05:00]} {[%emt 00:01:12]} Kc7 {[%clk 00:16:14]} {[%emt 00:01:03]}
40. Bxd5 {[%clk 00:02:28]} {[%emt 00:03:02]} cxd5 {[%clk 00:16:42]} {[%emt
00:00:02]} 41. Rb6 {[%clk 00:00:37]} {[%emt 00:02:21]} Re8 {[%clk 00:17:09]}
{[%emt 00:00:02]} 42. Kd4 {[%clk 00:00:41]} {[%emt 00:00:27]} Re7 {[%clk
00:17:15]} {[%emt 00:00:24]} 43. b3 {[%clk 00:00:42]} {[%emt 00:00:29]} Re8
{[%clk 00:17:34]} {[%emt 00:00:10]} 44. Kd3 {[%clk 00:00:34]} {[%emt 00:00:39]}
Re7 {[%clk 00:14:56]} {[%emt 00:03:07]} 45. Ke2 {[%clk 00:01:00]} {[%emt
00:00:05]} Re8 {[%clk 00:15:23]} {[%emt 00:00:04]} 46. Kf3 {[%clk 00:01:27]}
{[%emt 00:00:03]} Re7 {[%clk 00:15:33]} {[%emt 00:00:19]} 47. Kg3 {[%clk
00:01:30]} {[%emt 00:00:27]} Rg7+ {[%clk 00:15:42]} {[%emt 00:00:20]} 48. Kh4
{[%clk 00:01:21]} {[%emt 00:00:40]} Rg4+ {[%clk 00:15:03]} {[%emt 00:01:09]} 49.
Kh5 {[%clk 00:01:45]} {[%emt 00:00:06]} Rg3 {[%clk 00:15:26]} {[%emt 00:00:07]}
50. Rxe6 {[%clk 00:01:58]} {[%emt 00:00:17]} Rxe3 {[%clk 00:15:46]} {[%emt
00:00:10]} 51. Kg6 {[%clk 00:00:39]} {[%emt 00:01:50]} Rxb3 {[%clk 00:14:19]}
{[%emt 00:01:56]} 52. Kxf5 {[%clk 00:01:07]} {[%emt 00:00:02]} Rb5 {[%clk
00:07:45]} {[%emt 00:07:03]} 53. Re7+ {[%clk 00:00:50]} {[%emt 00:00:48]} Kd8
{[%clk 00:07:56]} {[%emt 00:00:19]} 54. Ke6 {[%clk 00:00:52]} {[%emt 00:00:28]}
d4 {[%clk 00:06:15]} {[%emt 00:02:12]} 55. Rd7+ {[%clk 00:00:44]} {[%emt
00:00:38]} Ke8 {[%clk 00:06:25]} {[%emt 00:00:20]} 56. Rxd4 {[%clk 00:00:49]}
{[%emt 00:00:25]} Rxa5 {[%clk 00:06:45]} {[%emt 00:00:10]} 57. f5 {[%clk
00:01:14]} {[%emt 00:00:04]} Rc5 {[%clk 00:06:45]} {[%emt 00:00:30]} 58. f6
{[%clk 00:01:34]} {[%emt 00:00:10]} Rc7 {[%clk 00:06:39]} {[%emt 00:00:37]}  1-0

[Event "26th 4NCL Congress"]
[Site "Woodland Grange, Leamington Spa"]
[Date "2021.09.12"]
[Round "4"]
[Board "17"]
[White "Alizada, Eldar A"]
[Black "Yoon, Jacob D"]
[Result "1/2-1/2"]
[WhiteElo "2028"]
[BlackElo "2199"]
[PlyCount "0"]
[EventDate "2021.09.10"]
[EventRounds "5"]
[EventCountry "ENG"]

1. d4 {[%clk 01:30:58]} Nf6 {[%clk 01:30:56]} {[%emt 00:00:05]} 2. c4 {[%clk
01:31:23]} {[%emt 00:00:05]} g6 {[%clk 01:31:22]} {[%emt 00:00:04]} 3. Nc3
{[%clk 01:31:48]} {[%emt 00:00:05]} Bg7 {[%clk 01:31:49]} {[%emt 00:00:03]} 4.
e4 {[%clk 01:32:13]} {[%emt 00:00:06]} d6 {[%clk 01:32:15]} {[%emt 00:00:03]} 5.
f3 {[%clk 01:32:39]} {[%emt 00:00:04]} O-O {[%clk 01:32:35]} {[%emt 00:00:09]}
6. Be3 {[%clk 01:33:05]} {[%emt 00:00:04]} e5 {[%clk 01:32:59]} {[%emt
00:00:06]} 7. d5 {[%clk 01:33:31]} {[%emt 00:00:05]} Nh5 {[%clk 01:33:24]}
{[%emt 00:00:04]} 8. Qd2 {[%clk 01:31:57]} {[%emt 00:02:05]} f5 {[%clk
01:33:36]} {[%emt 00:00:17]} 9. Bg5 {[%clk 01:27:42]} {[%emt 00:04:45]} Qe8
{[%clk 01:21:03]} {[%emt 00:13:03]} 10. exf5 {[%clk 01:18:26]} {[%emt
00:09:47]} gxf5 {[%clk 01:20:18]} {[%emt 00:01:14]} 11. Bd3 {[%clk 01:16:38]}
{[%emt 00:02:19]} a6 {[%clk 01:15:52]} {[%emt 00:04:55]} 12. Nge2 {[%clk
01:15:44]} {[%emt 00:01:24]} Nd7 {[%clk 01:15:22]} {[%emt 00:01:01]} 13. Ng3
{[%clk 01:01:30]} {[%emt 00:14:43]} f4 {[%clk 00:50:02]} {[%emt 00:25:49]} 14.
Nge4 {[%clk 00:53:24]} {[%emt 00:08:36]} Nhf6 {[%clk 00:50:21]} {[%emt
00:00:11]} 15. Bh4 {[%clk 00:45:40]} {[%emt 00:08:15]} Qh5 {[%clk 00:47:05]}
{[%emt 00:03:45]} 16. Bf2 {[%clk 00:44:44]} {[%emt 00:01:26]} Nxe4 {[%clk
00:45:12]} {[%emt 00:02:23]} 17. Nxe4 {[%clk 00:44:51]} {[%emt 00:00:24]} Nf6
{[%clk 00:45:36]} {[%emt 00:00:06]} 18. O-O-O {[%clk 00:40:09]} {[%emt
00:05:12]} Nxe4 {[%clk 00:44:23]} {[%emt 00:01:43]} 19. Bxe4 {[%clk 00:39:59]}
{[%emt 00:00:40]} Bd7 {[%clk 00:37:20]} {[%emt 00:07:32]} 20. g4 {[%clk
00:37:06]} {[%emt 00:03:23]} Qe8 {[%clk 00:33:41]} {[%emt 00:04:10]} 21. Kb1
{[%clk 00:34:02]} {[%emt 00:03:34]} Bf6 {[%clk 00:30:11]} {[%emt 00:04:00]} 22.
h4 {[%clk 00:32:11]} {[%emt 00:02:21]} Be7 {[%clk 00:29:54]} {[%emt 00:00:46]}
23. Rc1 {[%clk 00:31:15]} {[%emt 00:01:27]} c5 {[%clk 00:30:11]} {[%emt
00:00:14]} 24. b4 {[%clk 00:17:04]} {[%emt 00:14:40]} b6 {[%clk 00:23:58]}
{[%emt 00:06:42]} 25. bxc5 {[%clk 00:16:06]} {[%emt 00:01:29]} bxc5 {[%clk
00:24:21]} {[%emt 00:00:07]} 26. Ka1 {[%clk 00:16:28]} {[%emt 00:00:09]} Qc8
{[%clk 00:22:32]} {[%emt 00:02:19]} 27. Rb1 {[%clk 00:16:13]} {[%emt 00:00:45]}
Qc7 {[%clk 00:22:31]} {[%emt 00:00:30]} 28. Rb2 {[%clk 00:15:40]} {[%emt
00:01:03]} Rfb8 {[%clk 00:16:48]} {[%emt 00:06:12]} 29. Rhb1 {[%clk 00:15:59]}
{[%emt 00:00:11]} Rxb2 {[%clk 00:16:05]} {[%emt 00:01:13]} 30. Qxb2 {[%clk
00:15:37]} {[%emt 00:00:53]} Qa5 {[%clk 00:14:01]} {[%emt 00:02:31]} 31. Be1
{[%clk 00:13:26]} {[%emt 00:02:44]} Qa4 {[%clk 00:14:13]} {[%emt 00:00:18]} 32.
Qc2 {[%clk 00:11:08]} {[%emt 00:02:47]} Qxc2 {[%clk 00:07:12]} {[%emt
00:07:31]} 33. Bxc2 {[%clk 00:11:37]} {[%emt 00:00:02]} Ra7 {[%clk 00:06:40]}
{[%emt 00:01:02]} 34. Rb8+ {[%clk 00:10:26]} {[%emt 00:01:41]} Kg7 {[%clk
00:06:58]} {[%emt 00:00:12]} 35. Ba5 {[%clk 00:06:59]} {[%emt 00:03:57]} Bxg4
{[%clk 00:05:59]} {[%emt 00:01:28]} 36. fxg4 {[%clk 00:07:19]} {[%emt
00:00:10]} Bxh4 {[%clk 00:06:21]} {[%emt 00:00:09]} 37. Rc8 {[%clk 00:06:58]}
{[%emt 00:00:50]} Kh6 {[%clk 00:05:41]} {[%emt 00:01:09]} 38. Rc7 {[%clk
00:07:02]} {[%emt 00:00:27]} Rxc7 {[%clk 00:06:09]} {[%emt 00:00:03]} 39. Bxc7
{[%clk 00:07:27]} {[%emt 00:00:04]} Be7 {[%clk 00:06:36]} {[%emt 00:00:03]} 40.
Ba5 {[%clk 00:06:23]} {[%emt 00:01:34]} Kg5 {[%clk 00:06:38]} {[%emt 00:00:28]}
41. Bxh7 {[%clk 00:06:06]} {[%emt 00:00:48]} Kxg4 {[%clk 00:07:01]} {[%emt
00:00:06]} 42. Kb1 {[%clk 00:03:30]} {[%emt 00:03:05]} f3 {[%clk 00:05:45]}
{[%emt 00:01:47]} 43. Be1 {[%clk 00:02:10]} {[%emt 00:01:51]} Kf4 {[%clk
00:06:07]} {[%emt 00:00:08]} 44. Bd2+ {[%clk 00:01:02]} {[%emt 00:01:38]} Kg3
{[%clk 00:06:29]} {[%emt 00:00:07]} 45. Kc2 {[%clk 00:00:53]} {[%emt 00:00:40]}
f2 {[%clk 00:06:21]} {[%emt 00:00:38]} 46. Bd3 {[%clk 00:01:21]} {[%emt
00:00:02]} Kg2 {[%clk 00:05:53]} {[%emt 00:00:58]} 47. Be4 {[%clk 00:01:42]}
{[%emt 00:00:09]} Kg1 {[%clk 00:03:28]} {[%emt 00:02:48]} 48. Be3 {[%clk
00:01:41]} {[%emt 00:00:38]} Bg5 {[%clk 00:03:44]} {[%emt 00:00:14]} 49. Bxf2+
{[%clk 00:02:04]} {[%emt 00:00:08]} Kxf2 {[%clk 00:04:10]} {[%emt 00:00:03]} 50.
Kd3 {[%clk 00:02:25]} {[%emt 00:00:09]} Ke1 {[%clk 00:04:27]} {[%emt 00:00:12]}
51. Bf3 {[%clk 00:02:28]} {[%emt 00:00:25]} Bh6 {[%clk 00:04:29]} {[%emt
00:00:30]} 52. a4 {[%clk 00:02:40]} {[%emt 00:00:19]} a5 {[%clk 00:04:38]}
{[%emt 00:00:21]} 53. Bh5 {[%clk 00:02:54]} {[%emt 00:00:15]} Kf2 {[%clk
00:04:48]} {[%emt 00:00:20]} 54. Ke4 {[%clk 00:03:13]} {[%emt 00:00:12]} Bf8
{[%clk 00:04:56]} {[%emt 00:00:22]} 55. Kd3 {[%clk 00:03:18]} {[%emt 00:00:25]}
Be7 {[%clk 00:04:21]} {[%emt 00:01:05]} 56. Ke4 {[%clk 00:03:39]} {[%emt
00:00:09]} Bg5 {[%clk 00:04:39]} {[%emt 00:00:12]} 57. Kd3 {[%clk 00:04:02]}
{[%emt 00:00:07]} Kg3 {[%clk 00:05:01]} {[%emt 00:00:08]} 58. Ke4 {[%clk
00:04:24]} {[%emt 00:00:09]} Bh6 {[%clk 00:05:03]} {[%emt 00:00:27]} 59. Bd1
{[%clk 00:04:29]} {[%emt 00:00:25]} Bf8 {[%clk 00:04:57]} {[%emt 00:00:05]}
 1/2-1/2